000 00588nam a2200181 a 4500
001 000023731
005 20200930022426.0
008 110112s1970 ck c r 000 m spa d
040 _aDO-SdBNP
_bspa
_cBNPHU
082 _annnn
_bC348r
082 _annnn
100 1 _aCastellanos, Rafael Ramón,
_d1932-
_920807
245 1 0 _aRufino Blanco Fombona :
_by sus coterráneos /
_cRafael Ramón Castellanos.
260 _aBogotá :
_b[s.n.],
_c1970.
300 _a339, [4] p. :
_bretrs. ;
_c20 cm.
504 _aIncluye referencias bibliográficas y notas al pie de las páginas.
049 _aBNGR
999 _c23227
_d23227